Малыш и Карлсон: [в 3 кн. : Для детей]; Кн. 2. Карлсон, который живет на крыше, опять прилетел

التفاصيل البيبلوغرافية
المؤلف الرئيسي: Линдгрен А. А. Э. Астрид Анна Эмилия
مؤلفون آخرون: Лунгина Л. З. (переводчик), Викланд И. (иллюстратор)
الملخص:Исключено из фонда НТБ ТПУ
اللغة:الروسية
منشور في: Москва, НПО "Геолит", 1992
الطبعة:[Переизд.]
التنسيق: كتاب
KOHA link:https://koha.lib.tpu.ru/cgi-bin/koha/opac-detail.pl?biblionumber=154891

MARC

LEADER 00000nam0a2200000 4500
001 154891
005 20231101221810.0
010 |a 5873480060 
020 |a RU  |b 92-18491 
035 |a (RuTPU)RU\TPU\book\167992 
035 |a RU\TPU\book\167990 
090 |a 154891 
100 |a 20090305g1992 d y0rusy5003 ca 
101 1 |a rus  |c swe 
102 |a RU 
105 |a a z 000ay 
200 1 |a Малыш и Карлсон  |e [в 3 кн. : Для детей]  |h Кн. 2. Карлсон, который живет на крыше, опять прилетел  |f А. А. Э. Линдгрен  |g пер. Л. З. Лунгина ; худож. И. Викланд 
205 |a [Переизд.] 
210 |a Москва  |c НПО "Геолит"  |d 1992 
215 |a 140 с.  |c ил. 
333 |a Исключено из фонда НТБ ТПУ 
700 1 |a Линдгрен  |b А. А. Э.  |c шведская писательница  |c урожденная Эрикссон  |f 1907-2002  |g Астрид Анна Эмилия  |9 11764 
702 1 |a Лунгина  |b Л. З.  |4 730 
702 1 |a Викланд  |b И.  |4 440 
801 0 |a RU  |b RuMRKP  |c 19950417  |g psbo 
801 1 |a RU  |b 63413507  |c 20090305  |g PSBO 
801 2 |a RU  |b 63413507  |c 20220602  |g PSBO 
942 |c BK